Słownik biograficzny duchownych ormiańskokatolickich oraz duchownych rzymskokatolickich pochodzenia ormianskiego w Polsce w latach 1750 - 2000
| Main Author: | |
|---|---|
| Format: | Print Book |
| Language: | Polish |
| Subito Delivery Service: | Order now. |
| Check availability: | HBZ Gateway |
| WorldCat: | WorldCat |
| Interlibrary Loan: | Interlibrary Loan for the Fachinformationsdienste (Specialized Information Services in Germany) |
| Published: |
Kraków
Ormiańskie Towarzystwo Kulturalne
2001
|
| In: | Year: 2001 |
| Standardized Subjects / Keyword chains: | B
Poles
/ Armenisch-katholische Kirche
/ Clergyperson
/ History 1750-2000
B Poles / Holy See (motif) / Clergyperson / Armenians / History 1750-2000 B Poles / Armenisch-katholische Kirche / History 1750-2000 |
| Further subjects: | B
Catholic Church
Armenian rite (Poland)
Clergy Biography Dictionaries
B Dictionary B Armenians (Poland) Biography Dictionaries B Biography |
MARC
| LEADER | 00000cam a2200000 c 4500 | ||
|---|---|---|---|
| 001 | 486547094 | ||
| 003 | DE-627 | ||
| 005 | 20251223210023.0 | ||
| 007 | tu | ||
| 008 | 050518s2001 pl ||||| 00| ||pol c | ||
| 010 | |a 2002324470 | ||
| 020 | |a 8390315742 |9 83-903157-4-2 | ||
| 035 | |a (DE-627)486547094 | ||
| 035 | |a (DE-576)108860299 | ||
| 035 | |a (DE-599)GBV486547094 | ||
| 035 | |a (OCoLC)254440145 | ||
| 035 | |a (OCoLC)254440145 | ||
| 035 | |a (DE-604)BV014113937 | ||
| 040 | |a DE-627 |b ger |c DE-627 |e rakwb | ||
| 041 | |a pol | ||
| 044 | |c XA-PL | ||
| 050 | 0 | |a BX4715.4.P7 | |
| 082 | 0 | |a 200.9 |q DE-604 |2 22/ger | |
| 084 | |a 1 |2 ssgn | ||
| 084 | |a 11.57 |2 bkl | ||
| 100 | 1 | |8 1\p |0 (DE-588)132981289 |0 (DE-627)529567393 |0 (DE-576)262621150 |4 aut |a Isakowicz-Zaleski, Tadeusz |d 1956-2024 | |
| 109 | |a Isakowicz-Zaleski, Tadeusz 1956-2024 |a Zaleski, Tadeusz Isakowicz- 1956-2024 |a Isakowicz-Zaleski, Tadeusz Bohdan 1956-2024 |a Zaleski, Tadeusz 1956-2024 |a Isahakian-Zaleski, Tadevos Vartapet 1956-2024 | ||
| 245 | 1 | 0 | |a Słownik biograficzny duchownych ormiańskokatolickich oraz duchownych rzymskokatolickich pochodzenia ormianskiego w Polsce w latach 1750 - 2000 |c Tadeusz Zaleski |
| 264 | 1 | |a Kraków |b Ormiańskie Towarzystwo Kulturalne |c 2001 | |
| 300 | |a 122 S |b Ill | ||
| 336 | |a Text |b txt |2 rdacontent | ||
| 337 | |a ohne Hilfsmittel zu benutzen |b n |2 rdamedia | ||
| 338 | |a Band |b nc |2 rdacarrier | ||
| 546 | |a Zsfassung in ital. Sprache | ||
| 583 | 1 | |a Archivierung prüfen |c 20200919 |f DE-640 |z 1 |2 pdager | |
| 610 | 1 | 0 | |a Catholic Church |x Armenian rite |z Poland |x Clergy |v Biography |v Dictionaries |
| 650 | 0 | |a Armenians |z Poland |v Biography |v Dictionaries | |
| 655 | 7 | |a Biografie |0 (DE-588)4006804-3 |0 (DE-627)104213493 |0 (DE-576)208867147 |2 gnd-content | |
| 655 | 7 | |a Wörterbuch |0 (DE-588)4066724-8 |0 (DE-627)104682620 |0 (DE-576)209166061 |2 gnd-content | |
| 689 | 0 | 0 | |d g |0 (DE-588)4046496-9 |0 (DE-627)106197762 |0 (DE-576)209069872 |2 gnd |a Polen |
| 689 | 0 | 1 | |d b |0 (DE-588)4537720-0 |0 (DE-627)267372531 |0 (DE-576)213429241 |2 gnd |a Armenisch-katholische Kirche |
| 689 | 0 | 2 | |d s |0 (DE-588)4137184-7 |0 (DE-627)105651931 |0 (DE-576)209675489 |2 gnd |a Geistlicher |
| 689 | 0 | 3 | |q z |2 gnd |a Geschichte 1750-2000 |
| 689 | 0 | |5 DE-101 | |
| 689 | 1 | 0 | |d g |0 (DE-588)4046496-9 |0 (DE-627)106197762 |0 (DE-576)209069872 |2 gnd |a Polen |
| 689 | 1 | 1 | |d b |0 (DE-588)2009545-4 |0 (DE-627)101659261 |0 (DE-576)191644501 |2 gnd |a Katholische Kirche |
| 689 | 1 | 2 | |d s |0 (DE-588)4137184-7 |0 (DE-627)105651931 |0 (DE-576)209675489 |2 gnd |a Geistlicher |
| 689 | 1 | 3 | |d s |0 (DE-588)4085933-2 |0 (DE-627)104251468 |0 (DE-576)209232870 |2 gnd |a Armenier |
| 689 | 1 | 4 | |q z |2 gnd |a Geschichte 1750-2000 |
| 689 | 1 | |5 DE-101 | |
| 689 | 2 | 0 | |d g |0 (DE-588)4046496-9 |0 (DE-627)106197762 |0 (DE-576)209069872 |2 gnd |a Polen |
| 689 | 2 | 1 | |d b |0 (DE-588)4537720-0 |0 (DE-627)267372531 |0 (DE-576)213429241 |2 gnd |a Armenisch-katholische Kirche |
| 689 | 2 | 2 | |q z |2 gnd |a Geschichte 1750-2000 |
| 689 | 2 | |5 (DE-627) | |
| 883 | |8 1\p |a cgwrk |d 20241001 |q DE-101 |u https://d-nb.info/provenance/plan#cgwrk | ||
| 935 | |a mteo | ||
| 935 | |i Blocktest | ||
| 936 | b | k | |a 11.57 |j Ostchristentum |0 (DE-627)106405144 |
| 951 | |a BO | ||
| ELC | |b 1 | ||
| LOK | |0 000 xxxxxcx a22 zn 4500 | ||
| LOK | |0 001 3723013384 | ||
| LOK | |0 003 DE-627 | ||
| LOK | |0 004 486547094 | ||
| LOK | |0 005 20200710090414 | ||
| LOK | |0 008 200710||||||||||||||||ger||||||| | ||
| LOK | |0 035 |a (DE-Tue135)BVBBV014113937 | ||
| LOK | |0 040 |a DE-Tue135 |c DE-627 |d DE-Tue135 | ||
| LOK | |0 092 |o n | ||
| LOK | |0 852 |a DE-Tue135 | ||
| LOK | |0 852 1 |9 00 | ||
| LOK | |0 935 |a bsbo | ||
| LOK | |0 939 |a 10-07-20 |b l01 | ||
| ORI | |a SA-MARC-ixtheoa001.raw | ||
| REL | |a 1 | ||
| STA | 0 | 0 | |a Armenians,Clergyperson,Clergyperson,Cleric,Clergyman,Minister,Clergy in art,Holy See (motif),Catholic church,Catholic Church,Catholic Church,Former pilgrimage church Saint Ottilia,Poles,Poland,Polish people |
| STB | 0 | 0 | |a Arméniens,Ecclésiastique,Ecclésiastique,Religieux (personne),Religieux,Religieux (personne, motif),Religieux,Polonais,Saint-Siège (motif),Église catholique,Église catholique |
| STC | 0 | 0 | |a Armenios,Movimiento juvenil católico,Polacos,Religioso,Religioso,Clérigo,Clérigo,Clérigo (Motivo),Clérigo |
| STD | 0 | 0 | |a Armeni,Chiesa cattolica,Polacchi,Religioso <persona, motivo>,Religioso <persona>,Ecclesiastico,Ecclesiastico,Ecclesiastico (motivo),Ecclesiastico |
| STE | 0 | 0 | |a 天主教会,罗马公教,波兰,神职人员,神职人员,教士,教士 |
| STF | 0 | 0 | |a 亚美尼亚人,天主教會,羅馬公教,波蘭,神職人員,神職人員,教士,教士 |
| STG | 0 | 0 | |a Armênios,Igreja católica,Poloneses,Religioso,Religioso,Clérigo,Clérigo,Clérigo (Motivo),Clérigo |
| STH | 0 | 0 | |a Армяне,Католическая церковь (мотив),Поляки (народ),Священнослужитель (мотив),Священнослужитель |
| STI | 0 | 0 | |a Αρμένιοι,Καθολική Εκκλησία (μοτίβο),Κληρικός (μοτίβο),Κληρικός,Πολωνοί |
| SUB | |a REL | ||
| SYG | 0 | 0 | |a Polen,Polen,Poland , Generalgouvernement Polen,Polska,Rzeczpospolita Polska,Polska Rzeczpospolita Ludowa,Poland,Pologne,République Polonaise,Generalne Gubernatorstwo w Polsce,Polish People's Republic,Polska Rzeczpospolita,PRL,RP,Polen,Polska,Besetzte Polnische Gebiete,Besetztes Gebiet in Polen,Okupowane Polskie Obszary,Obszary Okupowane w Polsce,Volksrepublik Polen,Polska Rosyjska,Republic Polen,Respublika Pol'ša,Pol'skaja Narodnaja Respublika,République de Pologne,Polen Links der Weichsel,Polska po Lewej Stronie Wisły,Lenkija,Polija,Gubernija Carstva Pol'skago,Republik Polen , Armenian Catholic Church,Armenisch-Unierte Kirche,Hay Kat̕oġikê Ekeġec̕i,Eglise arménienne catholique,Iglesia armenia católica , Geistlichkeit,Geistliche , Polen,Polen,Poland , Generalgouvernement Polen,Polska,Rzeczpospolita Polska,Polska Rzeczpospolita Ludowa,Poland,Pologne,République Polonaise,Generalne Gubernatorstwo w Polsce,Polish People's Republic,Polska Rzeczpospolita,PRL,RP,Polen,Polska,Besetzte Polnische Gebiete,Besetztes Gebiet in Polen,Okupowane Polskie Obszary,Obszary Okupowane w Polsce,Volksrepublik Polen,Polska Rosyjska,Republic Polen,Respublika Pol'ša,Pol'skaja Narodnaja Respublika,République de Pologne,Polen Links der Weichsel,Polska po Lewej Stronie Wisły,Lenkija,Polija,Gubernija Carstva Pol'skago,Republik Polen , Katolikus Egyház,RCC,Katoličeskaj Cerkovʹ,Katoličke Cerkve,Katolska Cyrkej,Katolske Kirke,Ecclesia Catholica,Igreja Católica,Römisch-Katholische Kirche,Katholikē Ekklēsia,Catholic Church,Roman Catholic Church,Eglise Catholique,Eglise Catholique Romaine,Chiesa Cattolica,Katholieke Kerk,Iglesia Católica,Katolické Církve,Kościoł Katolicki,Katoličke Crkve,Eglise catholique romaine,Chiesa cattolica romana,Roman catholic Church,Eglise catholique,Römische Kirche , Eglise catholique,Roman Catholic Church,Catholic Church , Ehemalige Wallfahrtskirche Sankt Ottilia , Geistlichkeit,Geistliche , Haikh , Polen,Polen,Poland , Generalgouvernement Polen,Polska,Rzeczpospolita Polska,Polska Rzeczpospolita Ludowa,Poland,Pologne,République Polonaise,Generalne Gubernatorstwo w Polsce,Polish People's Republic,Polska Rzeczpospolita,PRL,RP,Polen,Polska,Besetzte Polnische Gebiete,Besetztes Gebiet in Polen,Okupowane Polskie Obszary,Obszary Okupowane w Polsce,Volksrepublik Polen,Polska Rosyjska,Republic Polen,Respublika Pol'ša,Pol'skaja Narodnaja Respublika,République de Pologne,Polen Links der Weichsel,Polska po Lewej Stronie Wisły,Lenkija,Polija,Gubernija Carstva Pol'skago,Republik Polen , Armenian Catholic Church,Armenisch-Unierte Kirche,Hay Kat̕oġikê Ekeġec̕i,Eglise arménienne catholique,Iglesia armenia católica |
| TIM | |a 100017500101_100020001231 |b Geschichte 1750-2000 | ||



